Polnische Militärärzte im zarischen Imperium
| Titel: | Polnische Militärärzte im zarischen Imperium : Räume und Spannungsfelder zwischen Warschau und Port Artur / Ruth Leiserowitz |
|---|---|
| Verfasser: | |
| In: |
Eliten im Vielvölkerreich, (2015), Seite 223-239 alle Artikel anzeigen |
| Veröffentlicht: | 2015 |
| Umfang: | 1 Illustration |
| Format: | Aufsatz |
| Sprache: | Deutsch |
X
alg: 47594838 001A $03025:22-02-21 001B $01999:10-05-21 $t09:31:57.000 001D $03025:22-02-21 001U $0utf8 001X $00 002@ $0Aou 002C $aText $btxt $2rdacontent 002D $aohne Hilfsmittel zu benutzen $bn $2rdamedia 002E $aBand $bnc $2rdacarrier 003@ $0475948386 007A $0475948386 $aHEB 010@ $ager 010E $erda 011@ $a2015 021A $aPolnische Militärärzte im zarischen Imperium $dRäume und Spannungsfelder zwischen Warschau und Port Artur $hRuth Leiserowitz 028A $BVerfasser $#Kibelka, Ruth $#Kibelka, Ruth $#Lejzerovic, Rut $4aut $7128800534 $8Leiserowitz, Ruth$Z1958- [Tp1] $9159243718 031A $h223-239 $j2015 034M $a1 Illustration 039B $aEnthalten in $8--Aau--. Eliten im Vielvölkerreich. - Berlin : De Gruyter Oldenbourg, 2015. - VII, 411 Seiten. - Illustrationen, Karten. - ISBN 3-11-041602-6 $x201500000000000777 $9358125367 044K $RRussische SFSR $#Russland $#Russland $#Россия $#Rußland $#Krievija $#Federazione Russa $#RF $#Großrussland $#Großrußland $#Russia -1917; 1992- $#Rossijskaja Imperija $#Russie $#Empire de Russie $#Russian Federation $#Federacja Rosyjska $#Rosja $#Rossija $#Rossijskaja Federacija $#Russische Föderation $#RF Rossija $#Russia $#Russland -1917 ; 1992- $#Russisches Reich $#РФ $#Российская Федерация $#Российская Империя $74076899-5 $8Russland [Tgz] $9085217913 044K $RPolin $#Polish people $#Polonais $#Polen (Personen) $#Pole $74046497-0 $8Polen$gVolk [Ts1] $908512981X 044K $RArzt $ROffizier $RFeldscher $RMilitärärztin $#Sanitätsoffizier $#Truppenarzt $74039308-2 $8Militärarzt [Ts1] $9085107115 045F $a306.0943809034 $eDDC23BSB 045F/01 $a306.09 045F/03 $f09034 045F/03 $g438 045F/03 $g471 045G $a610.943809034 $eDDC23BSB 045G/01 $a610.9 045G/03 $f09034 045G/03 $g438 045G/03 $g471 045R $aGeschichte 1830-1914 lok: 47594838 78 exp: 47594838 78 1 #EPN 201B/01 $022-02-21 $t11:00:35.000 201C/01 $022-02-21 201U/01 $0utf8 203@/01 $01142622479 204P/01 $010.1515/9783110416121-013 208@/01 $a22-02-21 $be 209A/01 $a/ $f000 $x00 209A/01 $ab*p $x01 220C/01 $apgar 244Z/01 $#Generalgouvernement Polen $#Polska $#Rzeczpospolita Polska $#Polska Rzeczpospolita Ludowa $#Poland $#Pologne $#République Polonaise $#Generalne Gubernatorstwo w Polsce $#Polish People's Republic $#Polska Rzeczpospolita Polen $#PRL $#RP $#Polen Generalgouvernement $#Polska Generalgouvernement $#Besetzte Polnische Gebiete $#Besetztes Gebiet in Polen $#Okupowane Polskie Obszary $#Obszary Okupowane w Polsce $#Volksrepublik Polen $#Polska Rosyjska $#Republic Polen $#Respublika Pol'ša $#Pol'skaja Narodnaja Respublika $#République de Pologne $#Polen Links der Weichsel $#Polska po Lewej Stronie Wisły $#Lenkija $#Polija $#Gubernija Carstva Pol'skago $#Republik Polen $74046496-9 $8--Tg1--Polen $x01 $9085129801 247C/01 $82080>Marburg/Lahn, Herder-Institut, Forschungsbibliothek, Bibliographieportal $9336309341
| LEADER | 00000caa a2200000 c 4500 | ||
|---|---|---|---|
| 001 | 475948386 | ||
| 003 | DE-603 | ||
| 005 | 20210510093157.0 | ||
| 007 | tu | ||
| 008 | 210222s2015 xx |||| | u00||u|ger c | ||
| 035 | |a (DE-599)HEB475948386 | ||
| 040 | |a DE-603 |b ger |c DE-603 |d DE-603 |e rda | ||
| 041 | |a ger | ||
| 082 | 0 | 4 | |8 1\u |a 306.0943809034 |q DE-101 |2 23/BSB |
| 083 | 0 | |8 2\u |a 610.943809034 |q DE-101 |2 23/BSB | |
| 085 | |8 1\u |b 306.09 | ||
| 085 | |8 1\u |z 1 |s 09034 | ||
| 085 | |8 1\u |z 2 |s 438 | ||
| 085 | |8 1\u |z 2 |s 471 | ||
| 085 | |8 2\u |b 610.9 | ||
| 085 | |8 2\u |z 1 |s 09034 | ||
| 085 | |8 2\u |z 2 |s 438 | ||
| 085 | |8 2\u |z 2 |s 471 | ||
| 100 | 1 | |a Leiserowitz, Ruth |d 1958- |e Verfasser |4 aut |0 (DE-603)159243718 |0 (DE-588)128800534 |2 gnd | |
| 245 | 0 | 0 | |a Polnische Militärärzte im zarischen Imperium |b Räume und Spannungsfelder zwischen Warschau und Port Artur |c Ruth Leiserowitz |
| 264 | 0 | |c 2015 | |
| 300 | |b 1 Illustration | ||
| 336 | |a Text |b txt |2 rdacontent | ||
| 337 | |a ohne Hilfsmittel zu benutzen |b n |2 rdamedia | ||
| 338 | |a Band |b nc |2 rdacarrier | ||
| 648 | 7 | |a Geschichte 1830-1914 |2 gnd | |
| 650 | 7 | |a Polen |g Volk |0 (DE-588)4046497-0 |0 (DE-603)08512981X |2 gnd | |
| 650 | 7 | |a Militärarzt |0 (DE-588)4039308-2 |0 (DE-603)085107115 |2 gnd | |
| 651 | 7 | |a Russland |0 (DE-588)4076899-5 |0 (DE-603)085217913 |2 gnd | |
| 773 | 0 | 8 | |i Enthalten in |t Eliten im Vielvölkerreich |d Berlin : De Gruyter Oldenbourg, 2015 |h VII, 411 Seiten, Illustrationen, Karten |z 3110416026 |z 9783110416022 |g (2015), Seite 223-239 |w (DE-603)358125367 |
| 924 | 0 | |9 2080 |a (DE-603)1142622479 |b DE-2080 |c HES |d d |g / | |


